Quintin Durward

Sparad:
Bibliografiska uppgifter
Huvudupphovsman: Scott, Walter (Författare, medförfattare)
Materialtyp: Bok
Språk:spanska
Publicerad: Buenos Aires Sopena 1946
Serie:Biblioteca Mundial Sopena
Ämnen:
Taggar: Lägg till en tagg
Inga taggar, Lägg till första taggen!

MARC

LEADER 00000nam a2200000 a 4500
001 UCZ7650
003 CL-VaPUC
008 960109e19460000AG |||||||||||||||||spa|d
082 0 4 |a 823  |b SCO  |2 21 
100 0 |a Scott, Walter  |e author  |9 352639 
245 1 0 |a Quintin Durward 
300 |a v 
942 |c BK 
945 |d 19960109 00:00:00  |a rleighto 
260 |a Buenos Aires  |b Sopena  |c 1946 
650 0 |a Novelas inglesas  |9 265220 
583 |a last modification  |c 19960109 00:00:00  |k Rodrigo Vera 
490 0 |a Biblioteca Mundial Sopena 
999 |c 243699  |d 243697 
952 |0 0  |1 0  |4 0  |6 823_000000000000000_SCO_1946  |7 0  |8 A  |9 257472  |a BIBEDU  |b BIBEDU  |d 2019-11-19  |h v.1  |i 3167410  |o 823 SCO 1946  |p 3167410  |r 2019-11-19  |w 2019-11-19  |y BK  |k LIT 
952 |0 0  |1 0  |4 0  |6 823_000000000000000_SCO_1946  |7 0  |8 A  |9 257473  |a BIBEDU  |b BIBEDU  |d 2019-11-19  |h v.2  |i 3167429  |o 823 SCO 1946  |p 3167429  |r 2019-11-19  |w 2019-11-19  |y BK  |k LIT